| 000 | 00680nam a2200181Ia 4500 | ||
|---|---|---|---|
| 008 | 090630s9999 xx 000 0 und d | ||
| 082 | _b23616 | ||
| 100 | _aवडनेरकर प्रिती. | ||
| 245 |
_aकहाणी स्त्री जन्माची. _cवडनेरकर प्रिती. |
||
| 260 |
_bऋचा. _c2004 |
||
| 300 | _a98 | ||
| 600 | _aवडनेरकर प्रिती. | ||
| 630 | _aकहाणी स्त्री जन्माची. | ||
| 655 | _aलघुकथा. | ||
| 700 | _aवडनेरकर प्रिती. | ||
| 730 | _aकहाणी स्त्री जन्माची. | ||
| 942 | _cBOOK | ||
| 999 |
_c275472 _d275472 |
||